| 000 | 02241nam0a22004571 4500 | ||
|---|---|---|---|
| 001 | v19\rc\1953596 | ||
| 005 | 20260406104656.0 | ||
| 035 | _a(NLR Aleph) 005038198 | ||
| 090 |
_a6764495 _c6764495 |
||
| 100 | _a20080428d1913 u y0rusy50 ca | ||
| 101 | 0 | _arus | |
| 102 | _aRU | ||
| 105 | _aac z |||e| | ||
| 200 | 1 |
_aПроза. Дневники. Письма _fС.Я. Надсон |
|
| 205 | _a2-е изд. | ||
| 210 |
_aСанкт-Петербург _cтип. М.А. Александрова _d1913 |
||
| 215 |
_aIV, 642, XIV с., [6] л. ил., портр. _cпортр. _d21 |
||
| 320 | _aБиблиогр.: "Библиографические материалы о С.Я. Надсоне / Собр. Н.К. Пиксанов" (с. I-XII) | ||
| 327 | 0 | _aС. 20-23: Автобиография С. Я. Надсона / Сообщ. С. Венгеров | |
| 464 | 0 |
_12001#$aПевец "тревоги юных сил"$fП.Ф. Якубович _1215##$aС. 1-19 _1700#1$aЯкубович$bП.Ф.$f1860-1911$gПетр Филиппович _tПевец "тревоги юных сил" _aЯкубович, Петр Филиппович (1860-1911) |
|
| 464 | 0 |
_12001#$aАвтобиография С. Я. Надсона$eСообщ. С. Венгеров _1215##$aС. 20-23 _1700#1$aВенгеров$bС. А.$f1855-1920$gСемен Афанасьевич$3RU\NLR\AUTH\7764525 _tАвтобиография С. Я. Надсона _aВенгеров, Семен Афанасьевич (1855-1920) |
|
| 517 | 0 | _aДневники | |
| 517 | 0 | _aПисьма | |
| 532 | 1 | 3 | _aПроза. Дневники. Письма |
| 700 | 1 |
_aНадсон _bС.Я. _f1862-1887 _gСемен Яковлевич |
|
| 702 | 1 |
_4570 _8rus _7ca _aПиксанов _bН. К. _f1878-1969 _gНиколай Кирьякович _3RU\NLR\AUTH\7797093 _980019 |
|
| 801 | 0 |
_aRU _bNLR _gpsbo |
|
| 801 | 0 |
_aRU _bRuMoRGB _2psbo |
|
| 801 | 1 |
_aRU _bProSoft-M _2rusmarc |
|
| 852 |
_aNLR _j37.43.6.15 |
||
| 852 |
_aNLR _j133/4890 |
||
| 899 |
_aRuMoRGB _jF 119/98 |
||
| 899 |
_aRuMoRGB _jO 56/172 |
||
| 899 |
_aRuMoRGB _jU 363/38 |
||
| 899 |
_aRuMoRGB _jРб 10/776 |
||
| 899 | _aБАН | ||
| 899 | _aГПИБ | ||
| 899 | _aНБ МГУ | ||
| 942 | _cBOOK | ||
| 980 | _aNB | ||